000 00472nam a22001817a 4500
005 20251108165348.0
008 250721s1983 xx 000 0 ara d
082 1 4 _a811.9562/نجف
100 1 _aالنجفي، أحمد الصافي
245 1 0 _aاللفحات /
250 _aط3
264 1 _aبيروت :
_bدار المعارف،
_c1983.
300 _a334ص
650 1 7 _aالشعر العربي
650 1 7 _aلبنان
942 _2ddc
_cBK
999 _c26062
_d26062